| 000 | 01805cam a22002054a 4500 | ||
|---|---|---|---|
| 005 | 20250605164024.0 | ||
| 008 | 250528s ||||||||||||||||||||||||d | ||
| 035 | _a16460 | ||
| 020 | _a9603590436 | ||
| 040 |
_aGR-AtMCL _bgre _dGR-AtMCL _eAACR2 |
||
| 245 | 1 | _aΑρχές Οικονομικής Πολιτικής | |
| 250 | _a2η | ||
| 260 |
_bΕυγ. Μπένου, _c1999 |
||
| 300 | _a384 | ||
| 520 | _aΠρόλογος, Γενική Εισαγωγή, Ο Παρεμβατικός Ρόλος του Κράτους, Οι Συνιστώσες της Οικονομικής Πολιτικής, Οι Σκοποί της Οικονομικής Πολιτικής, Τα Μέσα της Οικονομικής Πολιτικής, Κοινωνικές Προτιμήσεις, Υποδείγματα Οικονομικής Πολιτικής, Παραδοσιακή Θεωρία Οικονομικής Πολιτικής, Υποδείγματα Σταθερών Στόχων, Υπόδειγμα Ευέλικτων Στόχων, Ευέλικτοι Στόχοι υπό Αβεβαιότητα, Βραχυχρόνια Οικονομική Πολιτική, Δυναμική Πολιτική, Ορθολογικές Προσδοκίες και Οικονομική Πολιτική, Νέα Οικονομική Πολιτική, Περιορισμοί Κινήτρων, Νομισματική Πολιτική σε Εναλλακτικά Θεσμικά Καθεστώτα, Η Φήμη ως Υποκατάστατο των Κανόνων, Φήμη και Σηματοδότηση Προτιμήσεων, Πολιτικοί Κύκλοι, Ευρετήριο Όρων και Συγγραφέων. | ||
| 700 | 1 |
_aΠροδρομίδη Κυπριανού Π _92559 |
|
| 942 | _cBK | ||
| 999 |
_c1959 _d1959 |
||